000 00943nam a22002897a 4500
008 131107b xxu||||| |||| 00| 0 ger d
020 _a383050960X
020 _a3708301684
020 _a3725548889
041 0 _ager
080 _a334.7
_x(4)
100 _aBenedek, Wolfgang
245 1 4 _aDie Europäische Union im Streitbeilegungsverfahren der WTO /
_cWolfgang Benedek.
260 _aWien :
_bNWV ;
260 _aZürich :
_bSchulthess ;
260 _aBerlin :
_bBWV,
_c2005.
300 _a356 f. :
_bme il. ;
_c22 cm.
490 _aSchriftenreihe Europarecht ;
_vBand. 5
500 _aVorwort = Parathënie : f. 5 - 6
505 _aLiteraturverzeichnis : f. 339 - 348
505 _aStichwortverzeichnis : f. 355-356
610 _aOrganizata Botërore e Tregëtisë
_xRregullat dhe praktikat
610 _aBashkimi Europian
650 _aArbitrazhi Industrial
650 _aRregullat e Tregëtisë së Jashtme
942 _2udc
_cBK
999 _c250
_d250